Las nuevas formulas de financiacion de infraestructuras públicas (Record no. 111841)

MARC details
000 -LEADER
campo de control de longitud fija 01372cmm a2200349Mi 4500
001 - NÚMERO DE CONTROL
campo de control 91243
005 - FECHA Y HORA DE LA ÚLTIMA TRANSACCIÓN
campo de control 20230411090049.0
007 - CAMPO FIJO DE DESCRIPCIÓN FÍSICA--INFORMACIÓN GENERAL
campo de control de longitud fija co cgu---|||||
008 - DATOS DE LONGITUD FIJA--INFORMACIÓN GENERAL
campo de control de longitud fija 090511s2008 sp u spa d
035 ## - NÚMERO DE CONTROL DEL SISTEMA
Número de control de sistema (OCoLC)ocn629765209
040 ## - FUENTE DE CATALOGACIÓN
Centro catalogador/agencia de origen SPUDB
Lengua de catalogación spa
Centro/agencia transcriptor SPUDB
Centro/agencia modificador OCLCQ
017 ## - NÚMERO DE COPYRIGHT O DE DEPÓSITO LEGAL
Número de copyright o de depósito legal D.L.M-40771-2008
020 ## - NÚMERO INTERNACIONAL ESTÁNDAR DEL LIBRO
Número Internacional Estándar del Libro 9788480082587
020 ## - NÚMERO INTERNACIONAL ESTÁNDAR DEL LIBRO
Número Internacional Estándar del Libro 8480082585
035 ## - NÚMERO DE CONTROL DEL SISTEMA
Número de control de sistema (OCoLC)629765209
049 ## - FONDOS LOCALES (OCLC)
Biblioteca depositaria GRAL
080 ## - NÚMERO DE LA CLASIFICACIÓN DECIMAL UNIVERSAL
Número de la Clasificación Decimal Universal 351.712
111 2# - ENTRADA PRINCIPAL--NOMBRE DE CONGRESO/REUNIÓN
Nombre de congreso/reunión o jurisdicción como elemento de entrada Semana de Estudios de Derecho Financiero
Número del congreso/reunión o número de parte o sección (51oc.
Fecha del congreso o de la firma del tratado 2006.
Sede del congreso/Lugar de la reunión Madrid)
245 14 - MENCIÓN DEL TÍTULO
Título Las nuevas formulas de financiacion de infraestructuras públicas
Resto del título LI Semana de Estudios de Derecho Financiero; [organiza] Fundacion para la Promocion de los Estudios Financieros.
260 ## - PUBLICACIÓN, DISTRIBUCIÓN, ETC.
Lugar de publicación, distribución, etc. Madrid :
Nombre del editor, distribuidor, etc. Instituto de Estudios Fiscales,
Fecha de publicación, distribución, etc. 2008.
300 ## - DESCRIPCIÓN FÍSICA
Extensión 422 p. ;
Dimensiones 12 cm.
490 1# - MENCIÓN DE SERIE
Mención de serie Estudios juridicos (Instituto de Estudios Fiscales (Madrid))
650 #0 - PUNTO DE ACCESO ADICIONAL DE MATERIA--TÉRMINO DE MATERIA
Término de materia o nombre geográfico como elemento de entrada Financial law
Subdivisión geográfica Spain
Subdivisión general Congresses.
650 #0 - PUNTO DE ACCESO ADICIONAL DE MATERIA--TÉRMINO DE MATERIA
Término de materia o nombre geográfico como elemento de entrada Works you publish
Subdivisión geográfica Spain
Subdivisión general Financing
-- Congresses.
650 #4 - PUNTO DE ACCESO ADICIONAL DE MATERIA--TÉRMINO DE MATERIA
Término de materia o nombre geográfico como elemento de entrada Derecho financiero
Subdivisión geográfica Espana
Subdivisión general Congresos.
650 #4 - PUNTO DE ACCESO ADICIONAL DE MATERIA--TÉRMINO DE MATERIA
Término de materia o nombre geográfico como elemento de entrada Obras publicas
Subdivisión geográfica Espana
Subdivisión general Financiacion
-- Congresos.
710 2# - ENTRADA AGREGADA--NOMBRE DE ENTIDAD CORPORATIVA
Nombre de entidad corporativa o nombre de jurisdicción como elemento de entrada Instituto de Estudios Fiscales (Espana)
710 2# - ENTRADA AGREGADA--NOMBRE DE ENTIDAD CORPORATIVA
Nombre de entidad corporativa o nombre de jurisdicción como elemento de entrada Fundacion para la Promocion de los Estudios Financieros.
830 #0 - PUNTO DE ACCESO ADICIONAL DE SERIE-TÍTULO UNIFORME
Título uniforme Estudios juridicos (Instituto de Estudios Fiscales (Madrid))
942 ## - ELEMENTOS DE ENTRADA SECUNDARIOS (KOHA)
Fuente del sistema de clasificación o colocación Clasificación de Library of Congress
Tipo de ítem Koha
994 ## -
-- C0
-- DRFGD
Holdings
Estatus retirado Estado de pérdida Fuente del sistema de clasificación o colocación Estado de daño No para préstamo Colección Biblioteca de origen Biblioteca actual Ubicación en estantería Fecha de adquisición Código de barras Visto por última vez Copia número Tipo de ítem Koha
    Clasificación de Library of Congress     Automatización y Procesos Técnicos Biblioteca Juan Bosch Biblioteca Juan Bosch Automatización y Procesos Técnicos (1er. Piso) 11/04/2023 00000084308 17/02/2019 1